书目信息 |
| 题名: |
矿山应用电子技术问答
|
|
| 作者: | 李裕善 编 | |
| 分册: | ||
| 出版信息: | 北京 煤炭工业出版社 1984.10 |
|
| 页数: | 451页 | |
| 开本: | 20cm | |
| 丛书名: | ||
| 单 册: | ||
| 中图分类: | TD6 | |
| 科图分类: | ||
| 主题词: | 矿山电工 | |
| 电子资源: | ||
| ISBN: | ||
| 000 | 00544nam0 2200193 45 | |
| 001 | 0312221749 | |
| 005 | 20031222170910.5 | |
| 010 | @dCNY2.75 | |
| 100 | @a20031222d1984 km y0chiy0120 ea | |
| 101 | @achi | |
| 105 | @a z 000yy | |
| 200 | 1 | @a矿山应用电子技术问答@AKuang Shan Ying Yong Dian Zi Ji Shu Wen Da@f李裕善编@FLi Yu Shan Bian |
| 210 | @a北京@c煤炭工业出版社@d1984.10 | |
| 215 | @a451页@d20cm | |
| 606 | 0 | @a矿山电工 |
| 690 | @aTD6@v3 | |
| 701 | 0 | @a李裕善@4编 |
| 801 | @aCN@bTSTCL@c20031222 | |
| 905 | @a213230@dTD6@e3@b130633-635@f3 | |
| 矿山应用电子技术问答/李裕善编.-北京:煤炭工业出版社,1984.10 |
| 451页;20cm |
| ISBN :CNY2.75 |
| ● |
| 相关链接 |
|
|
|
|
正题名:矿山应用电子技术问答
索取号:TD6/3
 
预约/预借
| 序号 | 登录号 | 条形码 | 馆藏地/架位号 | 状态 | 备注 |
| 1 | 0130633 | 001361332 | 第三借阅区/ [索取号:TD6/3] | 在馆 | |
| 2 | 0130634 | 001361699 | 第三借阅区/ [索取号:TD6/3] | 在馆 | |
| 3 | 0130635 | 001361298 | 第二样本阅览室/ [索取号:TD6/3] | 在馆 |